000 01171nam0a22002771 4500
001 rc\3524447
005 20130115143449.9
021 _aRU
_b[70-92538]
035 _a(NLR Aleph) 007662603
090 _a6347987
_c6347987
100 _a20130115d1970 |||y0rusy50 ca
101 0 _arus
102 _aRU
105 _aa z |||||
200 1 _aВажнейшие работы в области холодильной техники и технологии
_eСборник трудов
_fПод ред. В.М. Шавра
_gМ-во мясной и молочной пром-сти СССР. Всесоюз. науч.-исслед. ин-т холодильной пром-сти
210 _aМосква
_cБ. и.
_d1970
215 _a228 с.
_cил.
_d26
320 _aБиблиогр. в конце работ
606 _aХолодильное дело
_jСборники
_2psbo
702 1 _aШавра
_bВ. М.
_gВиктор Михайлович
_4340
712 0 2 _aВНИИ холодильной промышленности
_3RU\NLR\AUTH\889936717
801 0 _aRU
_bNLR
_gpsbo
801 1 _aRU
_bELAR
_2rusmarc
852 _aNLR
_j70-7/561
942 _cBOOK
980 _aNB